South Eastern Kenya University

Library Online Public Access Catalogue


Foreverness : (Record no. 9416)

MARC details
000 -LEADER
fixed length control field 00423cam a2200133 a 4500
020 ## - ISBN
International Standard Book Number 0963874101 :
Terms of availability $12.95
050 00 - LIBRARY OF CONGRESS CALL NUMBER
Classification Number PS3558.U293
Item Number A17 1993
100 1# - MAIN ENTRY--Author
Personal name Hudson, Jean Barlow.
245 10 - TITLE
Title Foreverness :
Remainder of title the collected poems of Jean Barlow Hudson /
Statement of responsibility, etc edited by Rex A. Hudson.
260 ## - PUBLICATION, DISTRIBUTION, ETC.(IMPRINT)
Place of publication, distribution, etc Yellow Springs, Ohio :
Name of publisher, distributor, etc Fallen Timbers Press,
Date of publication, distribution, etc c1993.
300 ## - PHYSICAL DESCRIPTION
Extent xxii, 183 p. ;
700 1# - ADDED ENTRY--PERSONAL AUTHOR
Personal Name Hudson, Rex A.
942 ## - ADDED ENTRY ELEMENTS(KOHA)
Source of classification or shelving scheme Library of Congress Classification
Koha item type General circulation
Holdings
Source of classification or shelving scheme Not for loan Location (home branch) Sublocation (holding branch) Date accessioned Source of acquisition Full call number Barcode Koha item type Public note
Library of Congress Classification   SEHSS - Library SEHSS - Library 09/10/2015 Donation - Books for Africa [EHS] PS 3558. U293 A17 1993 2015/008439 General circulation amm
Kitui, Kenya.
+254736116989
library@seku.ac.ke